[Event "IV Festival A"]
[Site "Catania "]
[Date "1993.08.??"]
[Round "5"]
[White "Braga, Fernando Alberto"]
[Black "Priehoda, Vitezslav"]
[Result "1-0"]
[WhiteElo "2455"]
[BlackElo "2415"]
[PlyCount "33"]
[EventDate "1993.08.01"]
[EventType "swiss"]
[EventRounds "7"]
[EventCountry "ITA"]
[SourceDate "2005.09.12"]

1. e4 c5 2. Nf3 e6 3. c3 Nf6 4. e5 Nd5 5. d4 cxd4 6. cxd4 b6 7. Bd3 Ba6 8. O-O
Be7 9. Nc3 Bxd3 10. Qxd3 Nxc3 11. bxc3 d5 12. exd6 Qxd6 13. Ba3 Qd8 14. Bxe7
Kxe7 15. Rad1 f6 16. Rfe1 Kf7 17. Ng5+ 1-0

[Event "IV Festival A"]
[Site "Catania "]
[Date "1993.08.??"]
[Round "5"]
[White "Garcia Palermo, Carlos Horacio"]
[Black "D'Amore, Carlo"]
[Result "1-0"]
[WhiteElo "2455"]
[BlackElo "2415"]
[PlyCount "97"]
[EventDate "1993.08.01"]
[EventType "swiss"]
[EventRounds "7"]
[EventCountry "ITA"]
[SourceDate "2005.09.12"]

1. d4 d6 2. Bg5 c6 3. c4 g6 4. Nc3 Bg7 5. e3 h6 6. Bh4 c5 7. Qd2 cxd4 8. exd4
Nc6 9. d5 Nd4 10. f4 Nf5 11. Bf2 Nf6 12. h3 h5 13. Nf3 h4 14. Bd3 Ng3 15. Bxg3
hxg3 16. O-O-O Nh5 17. Rhf1 Qa5 18. Ng5 Bxc3 19. Qxc3 Qxc3+ 20. bxc3 Bf5 21.
Bxf5 gxf5 22. Rd4 Rc8 23. Re1 Rc7 24. Re3 O-O 25. Kb2 Re8 26. Kb3 Kf8 27. Nf3
Rec8 28. a4 a6 29. Nh4 b5 30. cxb5 axb5 31. a5 Rc4 32. Nxf5 Nxf4 33. Rd2 Ra4
34. Rxe7 Ra8 35. Rb7 R4xa5 36. Nxd6 Ra3+ 37. Kb4 R8a4+ 38. Kc5 Rxc3+ 39. Kxb5
Rca3 40. Rxf7+ Kg8 41. Rf5 Ra5+ 42. Kc6 Ra6+ 43. Kd7 Ra7+ 44. Kd8 Ra8+ 45. Nc8
Rc3 46. Rxf4 Rcxc8+ 47. Kd7 Rd8+ 48. Ke6 Re8+ 49. Kf5 1-0

[Event "IV Festival A"]
[Site "Catania "]
[Date "1993.08.??"]
[Round "5"]
[White "Ljubisavljevic, Zivojin Z"]
[Black "Vallifuoco, Giacomo"]
[Result "0-1"]
[WhiteElo "2270"]
[BlackElo "2380"]
[PlyCount "71"]
[EventDate "1993.08.01"]
[EventType "swiss"]
[EventRounds "7"]
[EventCountry "ITA"]
[SourceDate "2005.09.12"]

1. d4 d5 2. c3 Nf6 3. Bg5 c6 4. Nd2 Bf5 5. f3 Nbd7 6. Bxf6 Nxf6 7. g4 Bg6 8. g5
Nh5 9. Nh3 h6 10. Qb3 Qc7 11. gxh6 Rxh6 12. Nf2 Nf6 13. e4 dxe4 14. Nfxe4 O-O-O
15. O-O-O e5 16. dxe5 Qxe5 17. Bc4 Nxe4 18. fxe4 Bh5 19. Rdf1 Qg5 20. Qc2 Rhd6
21. Rf5 Qe3 22. Bd5 cxd5 23. Rxh5 dxe4 24. Rd1 Be7 25. h4 Qf4 26. Rc5+ Kb8 27.
Rc4 f5 28. Rf1 Qe3 29. Rd1 Bxh4 30. Rb4 Bg5 31. Qb3 b6 32. a4 Rxd2 33. Rxd2
Qxd2+ 34. Kb1 Qd1+ 35. Ka2 Qxb3+ 36. Kxb3 0-1

[Event "IV Festival A"]
[Site "Catania "]
[Date "1993.08.??"]
[Round "5"]
[White "Marinelli, Tullio"]
[Black "Manca, Federico"]
[Result "0-1"]
[WhiteElo "2390"]
[BlackElo "2390"]
[PlyCount "46"]
[EventDate "1993.08.01"]
[EventType "swiss"]
[EventRounds "7"]
[EventCountry "ITA"]
[SourceDate "2005.09.12"]

1. d4 Nf6 2. c4 c5 3. d5 b5 4. cxb5 a6 5. bxa6 Bxa6 6. Nc3 g6 7. e4 Bxf1 8.
Kxf1 d6 9. Nge2 Bg7 10. h4 Nbd7 11. Qc2 O-O 12. Rh3 Nb6 13. Bf4 h5 14. Kg1 Ng4
15. Rf1 Qc8 16. f3 Nf6 17. Bg5 Qa6 18. Bxf6 Bxf6 19. f4 Na4 20. e5 dxe5 21. f5
Nxc3 22. Nxc3 e4 23. Qxe4 Bd4+ 0-1

[Event "IV Festival A"]
[Site "Catania "]
[Date "1993.08.??"]
[Round "5"]
[White "Ortega, Lexy"]
[Black "Lein, Anatoly"]
[Result "1/2-1/2"]
[WhiteElo "2450"]
[BlackElo "2465"]
[PlyCount "44"]
[EventDate "1993.08.01"]
[EventType "swiss"]
[EventRounds "7"]
[EventCountry "ITA"]
[SourceDate "2005.09.12"]

1. d4 d5 2. c4 dxc4 3. e4 Nc6 4. Nf3 Bg4 5. Bxc4 Bxf3 6. Qxf3 e6 7. d5 Ne5 8.
Bb5+ c6 9. Qc3 cxb5 10. Qxe5 Qd6 11. Qxd6 Bxd6 12. dxe6 fxe6 13. Nc3 a6 14. Be3
Rc8 15. O-O-O Be5 16. Bd4 Bxd4 17. Rxd4 e5 18. Rb4 Ne7 19. Kb1 Nc6 20. Rb3 Nd4
21. Rb4 Rf8 22. f3 Nc6 1/2-1/2

[Event "IV Festival A"]
[Site "Catania "]
[Date "1993.08.??"]
[Round "6"]
[White "Barlov, Dragan"]
[Black "Lanzani, Mario"]
[Result "1/2-1/2"]
[WhiteElo "2495"]
[BlackElo "2280"]
[PlyCount "122"]
[EventDate "1993.08.01"]
[EventType "swiss"]
[EventRounds "7"]
[EventCountry "ITA"]
[SourceDate "2005.09.12"]

1. d4 Nf6 2. c4 e5 3. dxe5 Ne4 4. Nf3 Nc6 5. a3 a5 6. Nbd2 Nc5 7. b3 Qe7 8. Bb2
d6 9. e4 dxe5 10. Be2 f6 11. Qc2 Qf7 12. O-O Ne6 13. Bc3 Nf4 14. Rfe1 Bh3 15.
Bf1 Bxg2 16. Bxg2 Qg6 17. Nh4 Qg4 18. Ndf3 Nxg2 19. Nxg2 Qxf3 20. b4 Rd8 21. c5
h5 22. Rad1 Be7 23. Rxd8+ Nxd8 24. Re3 Qg4 25. Rg3 Qd7 26. Rxg7 Ne6 27. Rg3 h4
28. Rd3 Qc8 29. h3 Ng5 30. Kh2 Nxe4 31. Rf3 Ng5 32. Qg6+ Kd7 33. Re3 Qg8 34.
Qxg8 Rxg8 35. Nxh4 axb4 36. axb4 b6 37. cxb6 cxb6 38. Nf5 Bf8 39. h4 Nf7 40.
Kh3 Ke6 41. Ng3 Kd5 42. Bd2 Nd6 43. Rd3+ Ke6 44. Be3 f5 45. Bxb6 f4 46. Ne2 Nf5
47. b5 Rh8 48. Bd8 Nxh4 49. Bxh4 Be7 50. Kg4 Rxh4+ 51. Kf3 Bc5 52. Ke4 Bxf2 53.
Rc3 Rh1 54. Rc6+ Kd7 55. Rc2 Re1 56. Kf3 Bb6 57. Rc6 Ba7 58. Rc2 Rf1+ 59. Ke4
Rf2 60. Rd2+ Kc8 61. Kd3 Kb7 1/2-1/2

[Event "IV Festival A"]
[Site "Catania "]
[Date "1993.08.??"]
[Round "6"]
[White "Manca, Federico"]
[Black "Bykhovsky, Avigdor"]
[Result "1/2-1/2"]
[WhiteElo "2390"]
[BlackElo "2470"]
[PlyCount "93"]
[EventDate "1993.08.01"]
[EventType "swiss"]
[EventRounds "7"]
[EventCountry "ITA"]
[SourceDate "2005.09.12"]

1. e4 e6 2. d4 d5 3. Nc3 Bb4 4. e5 c5 5. a3 Bxc3+ 6. bxc3 Ne7 7. Nf3 Qc7 8. Be2
b6 9. O-O Ba6 10. Bxa6 Nxa6 11. a4 cxd4 12. cxd4 Rc8 13. Ba3 Qxc2 14. Qe1 Kd7
15. Bxe7 Kxe7 16. Qe3 Nb4 17. a5 bxa5 18. Rxa5 a6 19. Qg5+ Kd7 20. Qxg7 Qg6 21.
Qf6 Rhg8 22. g3 Rc3 23. Kg2 h6 24. Rb1 Rb8 25. Rb2 Nc6 26. Rxb8 Nxb8 27. Rxd5+
exd5 28. e6+ Ke8 29. Qh8+ Ke7 30. exf7 Qxf7 31. Ne5 Qe8 32. Qxh6 Nc6 33. Qd2
Rb3 34. Qc2 Nxd4 35. Qc5+ Kf6 36. Ng4+ Kg6 37. Qxd5 Rb5 38. Qxd4 Qc6+ 39. f3
Qc2+ 40. Nf2 Qc5 41. Qg4+ Kf7 42. Ne4 Rb2+ 43. Kh3 Qe5 44. Qd7+ Kg8 45. Qd8+
Kg7 46. Qd7+ Kg8 47. Qd8+ 1/2-1/2

[Event "IV Festival A"]
[Site "Catania "]
[Date "1993.08.??"]
[Round "6"]
[White "Marinelli, Tullio"]
[Black "Ljubisavljevic, Zivojin Z"]
[Result "0-1"]
[WhiteElo "2390"]
[BlackElo "2270"]
[PlyCount "134"]
[EventDate "1993.08.01"]
[EventType "swiss"]
[EventRounds "7"]
[EventCountry "ITA"]
[SourceDate "2005.09.12"]

1. d4 d5 2. c4 e6 3. Nc3 f5 4. Nf3 c6 5. g3 Nf6 6. Bg2 Bd6 7. O-O O-O 8. b3
Nbd7 9. Bb2 Qe8 10. Qc1 Ne4 11. Ne5 Nxe5 12. Nxe4 Nxc4 13. Nxd6 Nxd6 14. Ba3
Qd7 15. Qf4 Rd8 16. f3 b6 17. Rac1 a5 18. Bxd6 Qxd6 19. Qxd6 Rxd6 20. Rc2 Bb7
21. a3 Rd7 22. Kf2 Kf7 23. h4 Ke7 24. Rb1 Kd6 25. b4 axb4 26. axb4 Ra3 27. f4
Ba6 28. Bf3 Bc4 29. Rcb2 Rda7 30. h5 Kc7 31. g4 Kb7 32. gxf5 exf5 33. Rg1 Ka6
34. Rg5 Rf7 35. Rb1 Kb5 36. Rbg1 Raa7 37. Rb1 h6 38. Rg6 Rfe7 39. Rb2 Ra2 40.
Rxa2 Bxa2 41. e3 Rc7 42. Be2+ Bc4 43. Bd1 Bd3 44. Ke1 Kxb4 45. Kd2 Be4 46. Be2
b5 47. Re6 Kb3 48. Bd1+ Kb2 49. Re8 Ra7 50. Rc8 Ra3 51. Rxc6 b4 52. Rc7 Rd3+
53. Ke2 Rc3 54. Rb7 b3 55. Bxb3 Rxb3 56. Rxg7 Kc2 57. Rg6 Bd3+ 58. Kf2 Kd2 59.
Rxh6 Rb1 60. Rh8 Rf1+ 61. Kg2 Ke2 62. h6 Be4+ 63. Kg3 Kxe3 64. h7 Rg1+ 65. Kh4
Kxf4 66. Kh5 Rh1+ 67. Kg6 Ke3 0-1

[Event "IV Festival A"]
[Site "Catania "]
[Date "1993.08.??"]
[Round "6"]
[White "Priehoda, Vitezslav"]
[Black "Contin, Daniel"]
[Result "1-0"]
[WhiteElo "2415"]
[BlackElo "2385"]
[PlyCount "134"]
[EventDate "1993.08.01"]
[EventType "swiss"]
[EventRounds "7"]
[EventCountry "ITA"]
[SourceDate "2005.09.12"]

1. e4 e6 2. d4 d5 3. Nd2 c5 4. exd5 exd5 5. Ngf3 a6 6. dxc5 Bxc5 7. Nb3 Ba7 8.
Be2 Nc6 9. O-O Nf6 10. c3 Qd6 11. Bg5 Ne4 12. Qc1 Bg4 13. Qf4 Qxf4 14. Bxf4 O-O
15. h3 Bh5 16. g4 Bg6 17. Nfd4 Nxd4 18. Nxd4 Rfe8 19. Bf3 Rad8 20. Rfe1 Bxd4
21. cxd4 f6 22. Rac1 Rc8 23. Bg2 Kf7 24. h4 Rxc1 25. Rxc1 Ke6 26. Bh3 Nd6 27.
Rc7 Re7 28. g5+ f5 29. Rc1 Kd7 30. Be5 Nc4 31. f4 h5 32. Kg2 Ke6 33. b3 Nd2 34.
Kf2 Be8 35. Rc8 g6 36. Bg2 Bf7 37. Rd8 Rd7 38. Rc8 Re7 39. Bf6 Rd7 40. Ke3 Ne4
41. Be5 Ke7 42. Rb8 Nc3 43. a4 Be6 44. Kd3 Na2 45. Bf1 Nb4+ 46. Kd2 Nc6 47.
Bf6+ Kf7 48. Rh8 Nb4 49. Kc3 Na2+ 50. Kb2 Nb4 51. Be2 Nc6 52. Kc3 Ne7 53. Kb4
Ng8 54. Be5 Ke7 55. Kc5 Kd8 56. Kb6 Kc8 57. b4 Bf7 58. b5 axb5 59. axb5 Re7 60.
Ka7 Re6 61. b6 Re7 62. Bb5 Re6 63. Rh7 Re7 64. Rg7 Kd8 65. Rxg8+ Bxg8 66. Bf6
Kc8 67. Bxe7 Bf7 1-0

[Event "IV Festival A"]
[Site "Catania "]
[Date "1885.??.??"]
[Round "7"]
[White "Aleksic, Nenad"]
[Black "Bykhovsky, Avigdor"]
[Result "1-0"]
[WhiteElo "2405"]
[BlackElo "2470"]
[PlyCount "70"]
[EventDate "1993.08.01"]
[EventType "swiss"]
[EventRounds "7"]
[EventCountry "ITA"]
[SourceDate "2005.09.12"]

1. e4 c5 2. Nf3 e6 3. Nc3 a6 4. d4 cxd4 5. Nxd4 Qc7 6. g3 Bb4 7. Bd2 Nf6 8. Bg2
Nc6 9. Nxc6 bxc6 10. O-O a5 11. Re1 e5 12. Na4 O-O 13. c3 Be7 14. c4 d6 15. Rc1
Nd7 16. Be3 Rd8 17. Qe2 Nc5 18. Nxc5 dxc5 19. Red1 Be6 20. h4 a4 21. Kh2 Rxd1
22. Rxd1 Qc8 23. Rd3 Qa6 24. Rc3 h6 25. Bh3 Bxh3 26. Kxh3 Rb8 27. Kg2 Rb4 28.
Bc1 Qb7 29. Qd1 Bf6 30. Qd6 Rxb2 31. Bxb2 Qxb2 32. Qd3 Qxa2 33. Ra3 Qb2 34.
Rxa4 Qd4 35. Ra8+ Kh7 1-0

[Event "IV Festival A"]
[Site "Catania "]
[Date "1993.08.??"]
[Round "7"]
[White "Cid, Marino Alejandro"]
[Black "Drazic, Sinisa"]
[Result "0-1"]
[WhiteElo "2410"]
[BlackElo "2400"]
[PlyCount "76"]
[EventDate "1993.08.01"]
[EventType "swiss"]
[EventRounds "7"]
[EventCountry "ITA"]
[SourceDate "2005.09.12"]

1. e4 e6 2. d4 c5 3. Nf3 a6 4. c3 d5 5. exd5 exd5 6. dxc5 Bxc5 7. Nbd2 Nf6 8.
Nb3 Be7 9. Be2 O-O 10. O-O Nc6 11. Bg5 h6 12. Bxf6 Bxf6 13. Qd3 Re8 14. Rfe1 a5
15. Rad1 a4 16. Nbd4 a3 17. b3 Ne7 18. Bf1 Bg4 19. h3 Bh5 20. Re3 Nc6 21. Rxe8+
Qxe8 22. Re1 Qd7 23. Nb5 Qd8 24. Nfd4 Bg6 25. Qe3 Qb6 26. Rd1 Bxd4 27. Nxd4
Nxd4 28. Rxd4 Qc6 29. Qd2 Rc8 30. c4 dxc4 31. Bxc4 Kh7 32. Qb4 Qf6 33. Qd2 Qe5
34. h4 b5 35. f4 Qc5 36. b4 Qb6 37. Bd5 Rc2 38. Qd1 Rc1 0-1

[Event "IV Festival A"]
[Site "Catania "]
[Date "1993.08.??"]
[Round "7"]
[White "Gueci, Riccardo"]
[Black "Marinelli, Tullio"]
[Result "0-1"]
[WhiteElo "2235"]
[BlackElo "2390"]
[PlyCount "88"]
[EventDate "1993.08.01"]
[EventType "swiss"]
[EventRounds "7"]
[EventCountry "ITA"]
[SourceDate "2005.09.12"]

1. e4 c5 2. b3 d6 3. Bb2 Nf6 4. Nc3 Nc6 5. f4 Bg4 6. Be2 Bxe2 7. Ngxe2 e6 8.
O-O Be7 9. Kh1 O-O 10. d4 cxd4 11. Nxd4 Qb6 12. Nxc6 Qxc6 13. Qe2 Nd7 14. Nb5
Rfe8 15. c4 a6 16. Nd4 Qc5 17. Nf3 Qh5 18. g4 Qc5 19. g5 b5 20. Rac1 bxc4 21.
Rxc4 Qb5 22. Nd4 Qb7 23. Rfc1 Nc5 24. Nf3 a5 25. Qe3 Bf8 26. h4 Na6 27. Qf2 d5
28. exd5 Qxd5 29. Be5 Rad8 30. Qe2 Nb4 31. Rd4 Qa8 32. Kh2 Nxa2 33. Rcc4 Nb4
34. Nd2 Nc6 35. Rxd8 Rxd8 36. Bc3 Bb4 37. Bxb4 axb4 38. Ne4 Nd4 39. Qe3 Qa2+
40. Kh3 Nf5 41. Qf3 Qb1 42. h5 Kf8 43. Nf2 Qf1+ 44. Kh2 Nh4 0-1

[Event "IV Festival A"]
[Site "Catania "]
[Date "1993.08.??"]
[Round "7"]
[White "Lagumina, Giulio"]
[Black "Laketic, Gojko"]
[Result "1-0"]
[WhiteElo "2275"]
[BlackElo "2410"]
[PlyCount "59"]
[EventDate "1993.08.01"]
[EventType "swiss"]
[EventRounds "7"]
[EventCountry "ITA"]
[SourceDate "2005.09.12"]

1. e4 g6 2. d4 Bg7 3. Nc3 d6 4. f4 c6 5. Nf3 Bg4 6. Be3 Qb6 7. Qd2 Bxf3 8. gxf3
Nf6 9. O-O-O d5 10. f5 gxf5 11. Rg1 Bf8 12. exf5 Qa5 13. Re1 Nbd7 14. Kb1 O-O-O
15. Bf4 Ne8 16. Nb5 Qb6 17. Re3 a6 18. Na3 Bg7 19. Rxg7 Nxg7 20. Rb3 Qa7 21.
Qa5 e5 22. fxe6 Nxe6 23. Nb5 cxb5 24. Rc3+ Ndc5 25. Rxc5+ Kd7 26. Rc7+ Ke8 27.
Bxb5+ Kf8 28. Bh6+ Kg8 29. Re7 Qxd4 30. Qxd8+ 1-0

[Event "IV Festival A"]
[Site "Catania "]
[Date "1993.08.??"]
[Round "7"]
[White "Miljanic, Boro"]
[Black "Barlov, Dragan"]
[Result "1-0"]
[WhiteElo "2370"]
[BlackElo "2495"]
[PlyCount "45"]
[EventDate "1993.08.01"]
[EventType "swiss"]
[EventRounds "7"]
[EventCountry "ITA"]
[SourceDate "2005.09.12"]

1. e4 c5 2. Nf3 e6 3. b3 b6 4. Bb2 Bb7 5. Nc3 a6 6. Bd3 d6 7. O-O Nd7 8. Ne1
Ngf6 9. f4 b5 10. Qe2 Qc7 11. a4 b4 12. Nd1 Be7 13. Nf2 e5 14. Nh3 O-O 15. Nf3
Rfe8 16. fxe5 dxe5 17. Bc4 h6 18. d3 a5 19. Nh4 Ba6 20. Bxa6 Rxa6 21. Nf5 Bf8
22. Nf2 g6 23. Ne3 {...} 1-0

[Event "IV Festival A"]
[Site "Catania "]
[Date "1993.08.??"]
[Round "7"]
[White "Ortega, Lexy"]
[Black "Zlochevskij, Alexander"]
[Result "0-1"]
[WhiteElo "2450"]
[BlackElo "2450"]
[PlyCount "108"]
[EventDate "1993.08.01"]
[EventType "swiss"]
[EventRounds "7"]
[EventCountry "ITA"]
[SourceDate "2005.09.12"]

1. d4 d5 2. c4 dxc4 3. Nf3 c5 4. d5 e6 5. Nc3 exd5 6. Qxd5 Qxd5 7. Nxd5 Bd6 8.
Nd2 Ne7 9. Nxc4 Nxd5 10. Nxd6+ Ke7 11. Nxc8+ Rxc8 12. g3 Nb4 13. Bh3 Rd8 14.
O-O N8c6 15. Bg5+ f6 16. Be3 b6 17. Rfc1 a5 18. Bg2 Rac8 19. a3 Nd5 20. Bxc5+
bxc5 21. Rxc5 Ke6 22. Rac1 Nde7 23. Bxc6 Kd6 24. Rxa5 Nxc6 25. Ra6 Kd7 26. b4
Ne7 27. Ra7+ Ke6 28. Rxc8 Rxc8 29. b5 Rc2 30. e3 g5 31. g4 Nd5 32. a4 Rb2 33.
Rxh7 Rb4 34. a5 Rxb5 35. a6 Rb4 36. h3 Ra4 37. a7 Ne7 38. f4 gxf4 39. exf4 Rxa7
40. Kg2 Ra3 41. g5 f5 42. Rh6+ Kf7 43. Rf6+ Kg7 44. h4 Nd5 45. Rd6 Nxf4+ 46.
Kf2 Nh5 47. Rd7+ Kg8 48. Rd5 f4 49. g6 Nf6 50. Rf5 Ne4+ 51. Kg2 Rg3+ 52. Kh2 f3
53. h5 Rg2+ 54. Kh3 Nf2+ 0-1

[Event "IV Festival A"]
[Site "Catania "]
[Date "1993.08.??"]
[Round "7"]
[White "Priehoda, Vitezslav"]
[Black "Vallifuoco, Giacomo"]
[Result "1-0"]
[WhiteElo "2415"]
[BlackElo "2380"]
[PlyCount "118"]
[EventDate "1993.08.01"]
[EventType "swiss"]
[EventRounds "7"]
[EventCountry "ITA"]
[SourceDate "2005.09.12"]

1. d4 d5 2. c4 e6 3. Nc3 Nf6 4. Bg5 Nbd7 5. e3 Be7 6. Qc2 O-O 7. Nf3 b6 8. cxd5
exd5 9. Be2 Bb7 10. O-O h6 11. Bh4 c5 12. Rfd1 Ne4 13. Bxe7 Qxe7 14. dxc5 Nxc3
15. Qxc3 bxc5 16. Rac1 a5 17. Bf1 Rfc8 18. Qa3 Nf8 19. Rc2 Ne6 20. Nd4 Kf8 21.
Nf5 Qd8 22. Nd4 Qb6 23. Rdc1 Qb4 24. Nxe6+ fxe6 25. Rxc5 Qxa3 26. bxa3 Ke7 27.
f4 Kd6 28. Rxc8 Rxc8 29. Rb1 Bc6 30. Kf2 g5 31. g3 e5 32. fxe5+ Kxe5 33. Rb6 d4
34. Bh3 Rf8+ 35. Ke1 Rf6 36. exd4+ Kxd4 37. Bd7 Kc5 38. Ra6 Rd6 39. Bxc6 Rxc6
40. Rxa5+ Kd4 41. Kd2 Ke4 42. Rb5 Kf3 43. Rb2 Kg2 44. Rc2 Ra6 45. Kc3+ Kh3 46.
Kb4 Ra8 47. a4 Rb8+ 48. Ka3 Ra8 49. Rd2 g4 50. Re2 h5 51. Rc2 h4 52. gxh4 Kxh4
53. Kb4 Rb8+ 54. Ka3 Rf8 55. a5 Rf3+ 56. Kb4 Rf4+ 57. Kb5 Rf5+ 58. Kb6 Rf6+ 59.
Kb7 Rf7+ 1-0

[Event "IV Festival A"]
[Site "Catania "]
[Date "1993.08.??"]
[Round "8"]
[White "Lagumina, Giulio"]
[Black "D'Amore, Carlo"]
[Result "0-1"]
[WhiteElo "2275"]
[BlackElo "2415"]
[PlyCount "78"]
[EventDate "1993.08.01"]
[EventType "swiss"]
[EventRounds "7"]
[EventCountry "ITA"]
[SourceDate "2005.09.12"]

1. e4 e5 2. Nf3 Nc6 3. d4 exd4 4. Nxd4 Nf6 5. Nc3 Bb4 6. Nxc6 bxc6 7. Bd3 d5 8.
exd5 cxd5 9. O-O O-O 10. Bg5 Be6 11. Nb5 c5 12. a3 Ba5 13. b4 Bb6 14. c3 h6 15.
Bh4 g5 16. Bg3 c4 17. Bc2 Bg4 18. Qd2 Qd7 19. Nd6 Be6 20. Rad1 Rfd8 21. h4 Nh5
22. Be5 f6 23. Bh2 Nf4 24. Bxf4 gxf4 25. Qxf4 Qxd6 26. Qxh6 Rd7 27. Rfe1 Rg7
28. Be4 Bxf2+ 29. Kxf2 Qg3+ 30. Kg1 dxe4 31. Qd2 Qxh4 32. Qd6 Qg4 33. Rd2 Rd7
34. Qc6 Rxd2 35. Qxa8+ Kf7 36. Qb7+ Kg6 37. Qxe4+ Qxe4 38. Rxe4 Kf5 39. Re1 Bd5
0-1

[Event "IV Festival A"]
[Site "Catania "]
[Date "1993.08.??"]
[Round "8"]
[White "Vukovic, Zdravko"]
[Black "Lanzani, Mario"]
[Result "1-0"]
[WhiteElo "2440"]
[BlackElo "2280"]
[PlyCount "59"]
[EventDate "1993.08.01"]
[EventType "swiss"]
[EventRounds "7"]
[EventCountry "ITA"]
[SourceDate "2005.09.12"]

1. e4 c5 2. Nf3 d6 3. d4 cxd4 4. Nxd4 Nf6 5. Nc3 a6 6. Bg5 e6 7. Be2 Be7 8. Qd3
Nc6 9. Rd1 O-O 10. O-O Bd7 11. Nb3 Ne5 12. Qg3 Nh5 13. Bxh5 Bxg5 14. Rxd6 Nc4
15. Rxd7 Qxd7 16. Qxg5 Nxb2 17. Rb1 Qc7 18. Qg3 Qxg3 19. hxg3 Rac8 20. Rxb2
Rxc3 21. Be2 Rfc8 22. Bd3 b5 23. a3 e5 24. Kf1 Kf8 25. Ra2 Ke7 26. a4 b4 27. a5
Kd6 28. Ke2 R3c6 29. Nd2 f6 30. Ra4 1-0

[Event "IV Festival A"]
[Site "Catania "]
[Date "1993.08.??"]
[Round "9"]
[White "Cid, Marino Alejandro"]
[Black "Genovese, Maurizio"]
[Result "0-1"]
[WhiteElo "2410"]
[BlackElo "2255"]
[PlyCount "64"]
[EventDate "1993.08.01"]
[EventType "swiss"]
[EventRounds "7"]
[EventCountry "ITA"]
[SourceDate "2005.09.12"]

1. e4 e5 2. Nf3 Nc6 3. Nc3 Nf6 4. d4 exd4 5. Nxd4 Bb4 6. Nxc6 bxc6 7. Bd3 d5 8.
exd5 cxd5 9. O-O O-O 10. Bg5 Be6 11. Nb5 Be7 12. Nd4 Qd6 13. Qc1 c5 14. Nf5
Bxf5 15. Bxf5 Ne4 16. Be3 Qe5 17. Bg4 f5 18. Bf4 Qf6 19. Be2 g5 20. Be3 Bd6 21.
f4 g4 22. Qd1 d4 23. Bc4+ Kg7 24. Bc1 Rae8 25. a4 Qh4 26. Ra3 Ng5 27. g3 Nh3+
28. Kg2 Qe7 29. Rb3 Qe4+ 30. Rbf3 Rf6 31. Qd3 gxf3+ 32. Qxf3 Qxc2+ 0-1

[Event "IV Festival A"]
[Site "Catania "]
[Date "1993.08.??"]
[Round "9"]
[White "Vallifuoco, Giacomo"]
[Black "Vukovic, Zdravko"]
[Result "0-1"]
[WhiteElo "2380"]
[BlackElo "2440"]
[PlyCount "76"]
[EventDate "1993.08.01"]
[EventType "swiss"]
[EventRounds "7"]
[EventCountry "ITA"]
[SourceDate "2005.09.12"]

1. d4 d5 2. c4 e6 3. Nc3 Be7 4. Nf3 Nf6 5. cxd5 exd5 6. Bg5 O-O 7. e3 Nbd7 8.
Bd3 Re8 9. O-O c6 10. Qc2 Nf8 11. Rab1 Bd6 12. b4 Bg4 13. b5 Bxf3 14. gxf3 Ne6
15. Bh4 g5 16. Bg3 c5 17. dxc5 Nxc5 18. Bf5 Qe7 19. Rfd1 Rad8 20. Rd2 Ne6 21.
Rbd1 Nc7 22. Qb3 Bxg3 23. hxg3 Qc5 24. g4 Re7 25. a4 Rde8 26. Kg2 h5 27. Rd4
Re5 28. Ne2 hxg4 29. Bxg4 R5e7 30. Qb2 Ne6 31. R4d2 Nxg4 32. fxg4 d4 33. Nxd4
Qd5+ 34. Nf3 Qe4 35. Kg3 f5 36. gxf5 Ng7 37. Qb3+ Kf8 38. Rd5 Nh5+ 0-1

[Event "Torneo"]
[Site "Mazara del vallo"]
[Date "1993.08.??"]
[Round "?"]
[White "Miljanic, Boro"]
[Black "Lagrotteria, Salvatore"]
[Result "1-0"]
[WhiteElo "2370"]
[BlackElo "2230"]
[PlyCount "35"]
[EventDate "1993.08.11"]
[EventCountry "ITA"]
[SourceDate "2005.09.12"]

1. e4 e6 2. d4 d5 3. e5 c5 4. c3 Nc6 5. Nf3 Bd7 6. a3 cxd4 7. cxd4 Nge7 8. Nc3
a6 9. Bd3 b5 10. O-O Ng6 11. g3 Be7 12. h4 f6 13. h5 Nf8 14. h6 gxh6 15. Bxh6
f5 16. Ng5 Ng6 17. Qh5 Qb6 18. Ne2 1-0

[Event "Torneo"]
[Site "Mazara del vallo"]
[Date "1993.08.??"]
[Round "4"]
[White "Lagrotteria, Salvatore"]
[Black "Vukovic, Zdravko"]
[Result "1-0"]
[WhiteElo "2230"]
[BlackElo "2440"]
[PlyCount "95"]
[EventDate "1993.08.11"]
[EventCountry "ITA"]
[SourceDate "2005.09.12"]

1. Nf3 Nf6 2. c4 e6 3. g3 a6 4. Nc3 d5 5. cxd5 exd5 6. d4 Bd6 7. Bg2 Nbd7 8.
O-O O-O 9. a4 a5 10. Nb5 Bb4 11. Bf4 Ne8 12. Qc2 c6 13. Nc3 Bd6 14. Ng5 Ndf6
15. Bd2 h6 16. Nf3 Nc7 17. b3 Re8 18. Rad1 Bg4 19. Bc1 Qc8 20. Bb2 Bf5 21. Qc1
Na6 22. Ne5 Nb4 23. f4 Bc2 24. Rde1 Bxb3 25. e4 dxe4 26. Bxe4 Bd5 27. Bb1 Qh3
28. Nxd5 cxd5 29. Rf3 Rac8 30. Qd1 Ne4 31. Rxe4 dxe4 32. Bxe4 Qe6 33. d5 Qe7
34. Kh1 f6 35. Bf5 fxe5 36. fxe5 Bb8 37. Be6+ Kh8 38. Rf7 Qg5 39. Bxc8 Rxc8 40.
e6 Be5 41. e7 Kg8 42. Qf3 Bf6 43. Bxf6 Qc1+ 44. Kg2 Qc2+ 45. Kh3 Kxf7 46. Bh4+
Kg8 47. d6 Qa2 48. Qf5 1-0

[Event "Torneo"]
[Site "Mazara del vallo"]
[Date "1993.08.??"]
[Round "8"]
[White "Lagrotteria, Salvatore"]
[Black "Zivkovic, Velibor"]
[Result "1-0"]
[WhiteElo "2230"]
[BlackElo "1800"]
[PlyCount "109"]
[EventDate "1993.08.11"]
[EventCountry "ITA"]
[SourceDate "2005.09.12"]

1. Nf3 c5 2. g3 Nc6 3. Bg2 g6 4. O-O Bg7 5. d3 e5 6. e4 Nge7 7. c3 O-O 8. Nbd2
d6 9. a3 a5 10. a4 h6 11. Nc4 Be6 12. Nfd2 Nc8 13. Ne3 Qd7 14. Nd5 Bh3 15. Nc4
Bxg2 16. Kxg2 Qd8 17. Qb3 Rb8 18. Bd2 N8e7 19. Qb6 Qxb6 20. Ncxb6 Rfd8 21. Ra3
Nc8 22. Rb3 Nxb6 23. Rxb6 Kf8 24. Ra1 Rd7 25. Ra3 Ra8 26. Rxc6 bxc6 27. Nb6
Rda7 28. Nxa8 Rxa8 29. Rb3 Ke7 30. Rb7+ Ke6 31. f4 Bf8 32. c4 f5 33. Kf3 Be7
34. fxe5 dxe5 35. Bxh6 Rh8 36. Bd2 Rxh2 37. Bxa5 f4 38. gxf4 exf4 39. Kxf4 Bf6
40. Bc3 Bxc3 41. bxc3 Rh3 42. d4 Rxc3 43. d5+ cxd5 44. cxd5+ Kd6 45. Rb6+ Kd7
46. Rxg6 c4 47. Ke5 Ra3 48. Rg7+ Kc8 49. Ra7 Kb8 50. Ra6 c3 51. Rc6 Kb7 52. a5
Rb3 53. Kd4 Ra3 54. Rxc3 Rxa5 55. Rc4 1-0

[Event "XIV Festival Magistrale"]
[Site "Asti"]
[Date "1993.10.??"]
[Round "?"]
[White "Belotti, Bruno"]
[Black "Horvath, Jozsef"]
[Result "1-0"]
[WhiteElo "2410"]
[BlackElo "2545"]
[PlyCount "43"]
[EventDate "1993.10.09"]
[EventType "schev"]
[EventRounds "3"]
[EventCountry "ITA"]
[SourceDate "2005.09.12"]

1. c4 g6 2. Nc3 Bg7 3. d4 c5 4. d5 Bxc3+ 5. bxc3 f5 6. h4 Nf6 7. h5 Rg8 8. hxg6
hxg6 9. Qa4 Ne4 10. f3 Ng3 11. Rh7 e5 12. dxe6 Qf6 13. exd7+ Nxd7 14. Bd2 f4
15. Rd1 g5 16. e3 b5 17. Qxb5 Rb8 18. Qa4 fxe3 19. Bxe3 Qxc3+ 20. Kf2 Qb4 21.
Qc6 Qb2+ 22. Ne2 1-0

[Event "XIV Festival Magistrale"]
[Site "Asti"]
[Date "1993.10.??"]
[Round "?"]
[White "Belotti, Bruno"]
[Black "Kosten, Anthony C"]
[Result "1/2-1/2"]
[WhiteElo "2410"]
[BlackElo "2495"]
[PlyCount "52"]
[EventDate "1993.10.09"]
[EventType "schev"]
[EventRounds "3"]
[EventCountry "ITA"]
[SourceDate "2005.09.12"]

1. d4 Nf6 2. c4 e6 3. Nf3 Bb4+ 4. Nbd2 d5 5. Qa4+ Nc6 6. a3 Bxd2+ 7. Bxd2 Ne4
8. e3 Nxd2 9. Nxd2 O-O 10. Nf3 Bd7 11. Qc2 a5 12. Bd3 h6 13. O-O dxc4 14. Bxc4
Qf6 15. Rfd1 Rfd8 16. Rac1 a4 17. Ba2 Be8 18. Bb1 g6 19. Qc3 Rac8 20. e4 b6 21.
Qe3 Qg7 22. e5 Ne7 23. Nd2 Bc6 24. Rc4 Bb5 25. Rcc1 Bc6 26. Rc4 Bb5 1/2-1/2